000 01420nam a22002297a 4500
999 _c59275
_d59275
003 Ge_BSU
005 20230804115434.0
008 221227s2021ge xxu||||| |||| 00| 0 geo d
020 _a9789941838439
041 _ageo
080 _a342.4(479.22)"1921 მ-42
100 _aმაცაბერიძე, მალხაზ, ავტორი.
_916606
245 _aსაქართველოს 1921 წლის კონსტიტუცია:
_bშემუშავება, მიღება, სახელმწიფოს მოწყობის კონცეფცია /
_cმალხაზ მაცაბერიძე.
264 _aთბილისი,
_c[2021.]
300 _a368 გვ. ;
_b22 სმ.
500 _a100 წელი საქართველოს პირველი კონსტიტუციის მიღებიდან.
501 _aპროექტი განხორციელდა შოთა რუსთაველის ეროვნული სამეცნიერო ფონდის ფინანსური მხარდაჭერით.
504 _aბიბლიოგრაფია: გვ. 350- 355.
520 _aრეზიუმე ინგლისურ ენაზე
653 _aსაქართველოს 1921 წლის კონსტიტუცია
942 _2udc
_cBK